| 000 | 00760nam a2200241 i 4500 | ||
|---|---|---|---|
| 003 | DO-SdBNP | ||
| 005 | 20230428111710.0 | ||
| 007 | ta | ||
| 008 | 210909b2018 dr ||||| |||| 00| 0 spa d | ||
| 020 | _a9789945609868 | ||
| 040 |
_aDO-SdBNP _bspa _cBNPHU _erda |
||
| 082 | 4 | _222 | |
| 100 | 1 |
_aDe León Rafaael, Gumercindo, _d1954- _979815 |
|
| 245 | 1 | 0 |
_aJuventud y superación / _cGumercindo De León Rafael. |
| 264 |
_aSanto Domingo : _bSantuario, _c2018. |
||
| 300 |
_a80 páginas ; _c23 cm. |
||
| 336 |
_2rdacontent _atexto _btxt |
||
| 337 |
_2rdamedia _asin mediación _bn |
||
| 338 |
_2rdacurrier _avolumen _bnc |
||
| 500 | _aIncluye datos biográficos del autor en la solapa de la cubierta | ||
| 590 | _aInventariado, 2021 /LP | ||
| 942 |
_2ddc _cLBS1 |
||
| 999 |
_c50463 _d50463 |
||